| 000 | 00811nam a2200253 a 4500 | ||
|---|---|---|---|
| 005 | 20200104041531.0 | ||
| 008 | 140305b ck a gr|||| 00| 0 spa d | ||
| 040 |
_aCO-BoIAVH _cCO-BoIAVH |
||
| 041 | _aspa | ||
| 090 |
_aEA _b357 |
||
| 110 | 2 | _bPrograma de las Naciones Unidas para el Medio Ambiente | |
| 245 | 1 |
_aManual comunitario de saberes ambientales de Tzajal, Chen tenejapa, Chiapas, México _bPNUMA _c1999 |
|
| 260 |
_as.l. _bs.e. _cs.f. |
||
| 300 |
_a72 paginas.; _bilustraciones.; _c27 x 21 cm |
||
| 650 | 4 | _aConocimiento tradicional | |
| 650 | 4 | _aComunicación | |
| 650 | 4 | _aMedio ambiente | |
| 650 | 4 | _aUso sostenible | |
| 650 | 4 | _aUso del suelo | |
| 650 | 4 | _aEconomía | |
| 650 | 4 | _aAgricultura | |
| 662 | _aMéxico | ||
| 942 |
_cLIBRO _2z |
||
| 999 |
_c2391 _d2391 |
||